| 000 | 01131cam a22003012 4500 | ||
|---|---|---|---|
| 001 | 4292 | ||
| 003 | UkOxU | ||
| 005 | 20211208233852.0 | ||
| 008 | 131222s1961 nyu 000 0 eng u | ||
| 035 | _aOCLC ocm00767940 from D970430M | ||
| 040 |
_cDXU _dOCL _dYSM _dEQO _aBD-RjUL _beng |
||
| 041 | _aeng | ||
| 082 |
_223 _a338.040973 _bBUP 1961 |
||
| 100 | 1 |
_aBurns, Arthur F. _q(Arthur Frank), _d1904-1987. _913597 |
|
| 245 | 1 | 0 | _aProsperity without inflation. |
| 260 |
_aBuffalo : _bSmith,Keynes & Marshall; distributed by Doubleday, Garden City, N.Y., _cc1958 [Printed 1961] |
||
| 300 |
_aviii, 88 p. _c22 cm. |
||
| 490 | 1 |
_aEconomica books on economics, politics and business ; _vE-12 |
|
| 500 | _a"Based upon the Moorhouse I.X. Millar lectures given ... at Fordham University." | ||
| 650 | 0 |
_aInflation (Finance) _zUnited States. _98218 |
|
| 650 | 0 |
_aCurrency question _zUnited States. _910098 |
|
| 651 | 0 |
_aUnited States _xEconomic policy. _913598 |
|
| 830 | 0 |
_vE-12. _913599 |
|
| 830 | 0 |
_aEconomica Books on economics, politics, and business ; _913600 |
|
| 942 |
_2ddc _cBK |
||
| 999 |
_c4292 _d4292 |
||